000 00607nam a2200193Ia 4500
005 20250923145146.0
008 008 250917s9999 xx 000 0 eng d
037 _aTextual
040 _aDSWL
_beng
_cDSWL
041 _aeng
_2eng
084 _aW81.5932'N66<-N56, N66
_qDSWL
245 0 _aTen Years after the Hungarian Revolution Perspective of history
_cEd.by Tamas Aczel
260 _aDelhi
_bSterling Publiers Pvt. Ltd.
_c1966
300 _avii,102p.
365 _aINR
_b3.50
925 _g3.50
942 _cTEXL
_hW81.5932'N66<-N56, N66
999 _c1447869
_d1447869